000 00492nam a2200181 4500
005 20250919150054.0
008 250919b |||||||| |||| 00| 0 eng d
040 _aMAIN
082 _a580
_bP79C
100 _aPoonam
245 _aComposite hydrogels for soil improvement and smart delivery of agrochemicals
260 _bDepartment of Botany, M D University, Rohtak
_c2024
300 _axix, 140
650 _aBotany
650 _aHydrogels
700 _aHooda, Vinita
942 _cTH
999 _c393528
_d393528